<?xml version="1.0" encoding="UTF-8"?>
<record
    xmlns:xsi="http://www.w3.org/2001/XMLSchema-instance"
    xsi:schemaLocation="http://www.loc.gov/MARC21/slim http://www.loc.gov/standards/marcxml/schema/MARC21slim.xsd"
    xmlns="http://www.loc.gov/MARC21/slim">

  <leader>01006nam a22001937a 4500</leader>
  <controlfield tag="005">20240312172334.0</controlfield>
  <datafield tag="010" ind1=" " ind2=" ">
    <subfield code="a">B-757886-870</subfield>
  </datafield>
  <datafield tag="020" ind1=" " ind2=" ">
    <subfield code="a">9789354092275</subfield>
    <subfield code="c">525.00</subfield>
  </datafield>
  <datafield tag="035" ind1=" " ind2=" ">
    <subfield code="a">B-757886-870</subfield>
  </datafield>
  <datafield tag="037" ind1=" " ind2=" ">
    <subfield code="b">&#x92C;&#x941;&#x915; &#x935;&#x948;&#x932;</subfield>
  </datafield>
  <datafield tag="082" ind1=" " ind2=" ">
    <subfield code="a">&#x915; </subfield>
  </datafield>
  <datafield tag="100" ind1=" " ind2=" ">
    <subfield code="a">&#x924;&#x902;&#x935;&#x930;, &#x930;&#x918;&#x941;&#x935;&#x947;&#x902;&#x926;&#x94D;&#x930; </subfield>
    <subfield code="9">63190</subfield>
  </datafield>
  <datafield tag="245" ind1=" " ind2=" ">
    <subfield code="a">&#x92D;&#x93E;&#x930;&#x924;- &#x935;&#x93F;&#x92D;&#x93E;&#x91C;&#x928; &#x915;&#x940; &#x915;&#x939;&#x93E;&#x928;&#x940;    /</subfield>
    <subfield code="c">&#x930;&#x918;&#x941;&#x935;&#x947;&#x902;&#x926;&#x94D;&#x930; &#x924;&#x902;&#x935;&#x930;</subfield>
  </datafield>
  <datafield tag="260" ind1=" " ind2=" ">
    <subfield code="a">&#x928;&#x908; &#x926;&#x93F;&#x932;&#x94D;&#x932;&#x940;</subfield>
    <subfield code="b">&#x92A;&#x94D;&#x930;&#x915;&#x93E;&#x936;&#x928; &#x935;&#x93F;&#x92D;&#x93E;&#x917; </subfield>
    <subfield code="c">2023</subfield>
  </datafield>
  <datafield tag="270" ind1=" " ind2=" ">
    <subfield code="a">&#x938;&#x942;&#x91A;&#x928;&#x93E; &#x92D;&#x935;&#x928; , &#x938;&#x940;.&#x91C;&#x940;.&#x913;.&#x915;&#x949;&#x92E;&#x94D;&#x92A;&#x94D;&#x932;&#x947;&#x915;&#x94D;&#x938; , &#x932;&#x94B;&#x927;&#x940; &#x930;&#x94B;&#x921; </subfield>
    <subfield code="b">&#x928;&#x908; &#x926;&#x93F;&#x932;&#x94D;&#x932;&#x940;</subfield>
    <subfield code="e">110003</subfield>
  </datafield>
  <datafield tag="300" ind1=" " ind2=" ">
    <subfield code="a">236 &#x92A;&#x943;.</subfield>
    <subfield code="c">28&#x938;&#x947;&#x92E;&#x940;.(&#x938;&#x91C;&#x93F;&#x932;&#x94D;&#x926;)</subfield>
  </datafield>
  <datafield tag="942" ind1=" " ind2=" ">
    <subfield code="2">ddc</subfield>
    <subfield code="c">HN</subfield>
    <subfield code="h">&#x915; </subfield>
    <subfield code="m">&#x924;&#x902;&#x935;&#x930;</subfield>
  </datafield>
  <datafield tag="999" ind1=" " ind2=" ">
    <subfield code="c">201022</subfield>
    <subfield code="d">201022</subfield>
  </datafield>
  <datafield tag="952" ind1=" " ind2=" ">
    <subfield code="0">0</subfield>
    <subfield code="1">0</subfield>
    <subfield code="4">0</subfield>
    <subfield code="7">0</subfield>
    <subfield code="8">FIC</subfield>
    <subfield code="a">L</subfield>
    <subfield code="b">L</subfield>
    <subfield code="d">2024-03-12</subfield>
    <subfield code="e">&#x92C;&#x941;&#x915; &#x935;&#x948;&#x932;/729/19.1.24/170/9.1.24/25.1.24</subfield>
    <subfield code="g">525.00</subfield>
    <subfield code="l">5</subfield>
    <subfield code="m">1</subfield>
    <subfield code="o">&#x915;  &#x924;&#x902;&#x935;&#x930;</subfield>
    <subfield code="p">B-757866</subfield>
    <subfield code="q">2026-05-16</subfield>
    <subfield code="r">2026-05-02 16:02:18</subfield>
    <subfield code="s">2026-05-02</subfield>
    <subfield code="t">1</subfield>
    <subfield code="v">525.00</subfield>
    <subfield code="w">2024-03-12</subfield>
    <subfield code="y">HN</subfield>
  </datafield>
  <datafield tag="952" ind1=" " ind2=" ">
    <subfield code="0">0</subfield>
    <subfield code="1">0</subfield>
    <subfield code="4">0</subfield>
    <subfield code="7">0</subfield>
    <subfield code="8">FIC</subfield>
    <subfield code="a">M</subfield>
    <subfield code="b">M</subfield>
    <subfield code="d">2024-03-12</subfield>
    <subfield code="e">&#x92C;&#x941;&#x915; &#x935;&#x948;&#x932;/729/19.1.24/170/9.1.24/25.1.24</subfield>
    <subfield code="g">525.00</subfield>
    <subfield code="l">0</subfield>
    <subfield code="o">&#x915;  &#x924;&#x902;&#x935;&#x930;</subfield>
    <subfield code="p">B-757867</subfield>
    <subfield code="r">2024-03-12 00:00:00</subfield>
    <subfield code="t">1</subfield>
    <subfield code="v">525.00</subfield>
    <subfield code="w">2024-03-12</subfield>
    <subfield code="y">HN</subfield>
  </datafield>
  <datafield tag="952" ind1=" " ind2=" ">
    <subfield code="0">0</subfield>
    <subfield code="1">0</subfield>
    <subfield code="4">0</subfield>
    <subfield code="7">0</subfield>
    <subfield code="8">FIC</subfield>
    <subfield code="a">AV</subfield>
    <subfield code="b">AV</subfield>
    <subfield code="d">2024-03-12</subfield>
    <subfield code="e">&#x92C;&#x941;&#x915; &#x935;&#x948;&#x932;/729/19.1.24/170/9.1.24/25.1.24</subfield>
    <subfield code="g">525.00</subfield>
    <subfield code="l">1</subfield>
    <subfield code="m">2</subfield>
    <subfield code="o">&#x915;  &#x924;&#x902;&#x935;&#x930;</subfield>
    <subfield code="p">B-757868</subfield>
    <subfield code="r">2025-07-08 00:00:00</subfield>
    <subfield code="s">2025-06-10</subfield>
    <subfield code="t">1</subfield>
    <subfield code="v">525.00</subfield>
    <subfield code="w">2024-03-12</subfield>
    <subfield code="y">HN</subfield>
  </datafield>
  <datafield tag="952" ind1=" " ind2=" ">
    <subfield code="0">0</subfield>
    <subfield code="1">0</subfield>
    <subfield code="4">0</subfield>
    <subfield code="7">0</subfield>
    <subfield code="8">FIC</subfield>
    <subfield code="a">TN</subfield>
    <subfield code="b">TN</subfield>
    <subfield code="d">2024-03-12</subfield>
    <subfield code="e">&#x92C;&#x941;&#x915; &#x935;&#x948;&#x932;/729/19.1.24/170/9.1.24/25.1.24</subfield>
    <subfield code="g">525.00</subfield>
    <subfield code="l">0</subfield>
    <subfield code="o">&#x915;  &#x924;&#x902;&#x935;&#x930;</subfield>
    <subfield code="p">B-757869</subfield>
    <subfield code="r">2024-03-12 00:00:00</subfield>
    <subfield code="t">1</subfield>
    <subfield code="v">525.00</subfield>
    <subfield code="w">2024-03-12</subfield>
    <subfield code="y">HN</subfield>
  </datafield>
  <datafield tag="952" ind1=" " ind2=" ">
    <subfield code="0">0</subfield>
    <subfield code="1">0</subfield>
    <subfield code="4">0</subfield>
    <subfield code="7">0</subfield>
    <subfield code="8">FIC</subfield>
    <subfield code="a">BL4</subfield>
    <subfield code="b">BL4</subfield>
    <subfield code="d">2024-03-12</subfield>
    <subfield code="e">&#x92C;&#x941;&#x915; &#x935;&#x948;&#x932;/729/19.1.24/170/9.1.24/25.1.24</subfield>
    <subfield code="g">525.00</subfield>
    <subfield code="l">5</subfield>
    <subfield code="m">6</subfield>
    <subfield code="o">&#x915;  &#x924;&#x902;&#x935;&#x930;</subfield>
    <subfield code="p">B-757870</subfield>
    <subfield code="r">2025-11-15 00:00:00</subfield>
    <subfield code="s">2025-10-03</subfield>
    <subfield code="t">1</subfield>
    <subfield code="v">525.00</subfield>
    <subfield code="w">2024-03-12</subfield>
    <subfield code="y">HN</subfield>
  </datafield>
</record>
